000
00306nam a2200109 4500
008
180220b xxu||||| |||| 00| 0 eng d
245
_a
Inflation seen to rise this year.
260
_a
Philippines
_b
The Philippine Star
_c
c2017
300
_a
page B4.
650
0
_9
26692
_a
Economic conditions.
942
_2
ddc
_c
PER
999
_c
8772
_d
8772